000 00245nam a22001217a 4500
082 _a080
_bMAR/J
100 _aMARKHAM , HOLLY
245 _aJUST A WORD
260 _bTOUCH OF CRAFT LTD
300 _a98
650 _aWORDS & WISHES
942 _cBK
999 _c6771
_d6771